Stratégia zásobovania v podniku

Podstata zásobovacej stratégie podniku. Východiská základných vzťahov v stratégii zásobovania. Funkcie a dimenzie stratégie zásobovania v podniku. Prvky zásobovacej stratégie podniku. Tvorba zásobovacej stratégie podniku.

Salvato in:
Dettagli Bibliografici
Autore principale: Majtán, Štefan
Natura: Capitolo di libro
Lingua:slovacco
Soggetti:
Tags: Aggiungi Tag
Nessun Tag, puoi essere il primo ad aggiungerne!!

MARC

LEADER 00000naa a2200000 4500
001 r020093
005 20221205101536.1
041 0 |a slo 
044 |a SK 
245 1 0 |a Stratégia zásobovania v podniku  |c Štefan Majtán 
520 |a Podstata zásobovacej stratégie podniku. Východiská základných vzťahov v stratégii zásobovania. Funkcie a dimenzie stratégie zásobovania v podniku. Prvky zásobovacej stratégie podniku. Tvorba zásobovacej stratégie podniku. 
610 2 0 |a zásobovanie 
610 2 0 |a zásoby 
610 2 0 |a riadenie strategické 
610 2 0 |a manažment 
610 2 0 |a podnik 
610 2 0 |a tok materiálu 
610 2 0 |a dodávatelia 
610 2 0 |a odberatelia 
610 2 0 |a trh 
610 2 0 |a majetok podnikový 
610 2 0 |a náklady priame 
610 2 0 |a náklady vlastné 
610 2 0 |a rentabilita podniku 
100 1 |a Majtán, Štefan